000
00293nam a22001337a 4500
008
181030b xxu||||| |||| 00| 0 eng d
020
_a
0874342694
041
_a
eng
080
_a
616.12
100
_a
7
101
_a
KAR
245
_a
Cardiopulmonary Emergencies
_c
Loeb, S
942
_2
udc
_c
BK
999
_c
51167
_d
51167